| 000 | 00873nam a2200217 i 4500 | ||
|---|---|---|---|
| 001 | 74204 | ||
| 003 | ES-MaACL | ||
| 005 | 20250811084836.0 | ||
| 007 | t| | ||
| 008 | 040916s1981 sp ||||1| spa d | ||
| 100 | 1 |
_aGonzález Echegaray, Joaquín. _958609 |
|
| 245 | 1 | 3 |
_aEl Paleolítico Superior de la Cueva del Rascaño (Santander) / _cpor J. González Echegaray e I. Barandiarán Maestu, con la colaboración de J. Altuna... [et al.]. |
| 260 |
_aSantander : _bCentro de Investigación y Museo de Altamira, _c1981. |
||
| 300 |
_a359 p. : _bil. ; _c31 cm. |
||
| 490 | 1 | _aMonografías del Centro de Investigación y Museo de Altamira | |
| 700 | 1 |
_aBarandiarán, Ignacio. _925309 |
|
| 700 | 1 |
_aAltuna, J. _920562 |
|
| 830 | 0 | 0 |
_aMonografías (Centro de Investigación y Museo de Altamira) _9241422 |
| 852 |
_aES-MaACL _jL-1554 _bR.101678 |
||
| 999 |
_c74204 _d74204 |
||